Equipos por provincias - Estadísticas

Estadísticas generales
  • Esta prueba ha sido intentada 61 veces
    10 desde el último reinicio
  • La puntuación promedio es 42 de 45
Estadísticas de respuestas
Provincia División Equipo % Correcto
Albacete Albacete Balompie
100%
Burgos Burgos CF
100%
Navarra CA Osasuna
100%
Guadalajara 1ª RFEF CD Guadalajara
100%
Santa Cruz de Tenerife 1ª RFEF CD Tenerife
100%
Teruel 1ª RFEF CD Teruel
100%
Córdoba Córdoba
100%
Cáceres 1ª RFEF CP Cacereño
100%
Álava Deportivo Alaves
100%
La Coruña Deportivo de La Coruña
100%
Alicante Elche
100%
Barcelona FC Barcelona
100%
Gerona Girona
100%
Granada Granada CF
100%
Málaga Malaga CF
100%
Islas Baleares RCD Mallorca
100%
Ávila 2ª RFEF Real Ávila
100%
Sevilla Real Betis Balompie
100%
Madrid Real Madrid CF
100%
Asturias Real Oviedo
100%
Guipúzcoa Real Sociedad
100%
Valladolid Real Valladolid
100%
Zaragoza Real Zaragoza
100%
Huesca SD Huesca
100%
Almería UD Almería
100%
Las Palmas UD Las Palmas
100%
Valencia Valencia CF
100%
Castellón Villarreal CF
100%
Zamora 1ª RFEF Zamora CF
100%
Badajoz 1ª RFEF AD Mérida
88%
Vizcaya Athletic Club de Bilbao
88%
Lugo 1ª RFEF CD Lugo
88%
Toledo 1ª RFEF CF Talavera de la Reina
88%
Segovia 2ª RFEF Gimnástica Segoviana
88%
Pontevedra RC Celta de Vigo
88%
Murcia 1ª RFEF Real Murcia
88%
Huelva 2ª RFEF Recreativo de Huelva
88%
Cuenca 2ª RFEF UB Conquense
88%
La Rioja 2ª RFEF UD Logroñés
88%
Salamanca 1ª RFEF Unionistas de Salamanca
88%
Tarragona 1ª RFEF Gimnàstic de Tarragona
75%
Orense 1ª RFEF Ourense CF
75%
Lérida 2ª RFEF Atlètic Lleida
63%
Soria 2ª RFEF CD Numancia
63%
Jaén 2ª RFEF Linares Deportivo
63%
No se encontraron pruebas coincidentes
Distribución de puntuación
Porcentaje de gente con cada puntuación
Porcentaje por número respondido
Historial de tus puntuaciones
No has intentado esta prueba desde el último reinicio